[Event "Hamburg-chT Landesliga 2122"]
[Site "Hamburg"]
[Date "2021.11.21"]
[Round "2.5"]
[White "Lock, Adrian"]
[Black "Ludwig, Jan"]
[Result "1-0"]
[WhiteElo "2074"]
[BlackElo "2055"]
[PlyCount "99"]
[EventDate "2021.10.31"]
[EventType "team-tourn"]
[EventRounds "9"]
[EventCountry "GER"]
[SourceTitle "EXT 2023"]
[Source "ChessBase"]
[SourceDate "2022.10.05"]
[SourceVersion "1"]
[SourceVersionDate "2022.10.05"]
[SourceQuality "1"]
[WhiteTeam "Hamburg Koenigsspringer II"]
[BlackTeam "Weisse Dame"]
[WhiteTeamCountry "GER"]
[BlackTeamCountry "GER"]

1. e4 e6 2. d4 d5 3. Nc3 dxe4 4. Nxe4 Nd7 5. Nf3 Ngf6 6. Bd3 Be7 7. c3 0-0 8. 0-0 b6 9. Nxf6+ Nxf6 10. Bg5 Bb7 11. Qe2 Qd6 12. Rad1 c5 13. Ba6 Bxa6 14. Qxa6 Rfd8 15. Qa4 Nd5 16. dxc5 Qxc5 17. Bxe7 Qxe7 18. Rd2 h6 19. Rfd1 a5 20. h3 Nf6 21. Qc6 Rab8 22. Rd4 Rdc8 23. Qb5 Rc5 24. Qd3 Qc7 25. Rd8+ Rxd8 26. Qxd8+ Qxd8 27. Rxd8+ Kh7 28. Kf1 Rd5 29. Rb8 Nd7 30. Rb7 Kg8 31. Ke2 Kf8 32. Nd2 Ne5 33. b3 b5 34. Ra7 Nc6 35. Ra6 Rd6 36. Ke3 e5 37. c4 b4 38. c5 Rg6 39. Nc4 Ke7 40. g3 f5 41. Nxa5 Kd7 42. g4 fxg4 43. hxg4 Rf6 44. Nxc6 Rxc6 45. Rxc6 Kxc6 46. Ke4 g6 47. Kxe5 Kxc5 48. f4 h5 49. f5 gxf5 50. gxh5 1-0

[Event "Oberliga Nord N 1920"]
[Site "Germany"]
[Date "2019.12.08"]
[Round "4.7"]
[White "Zieher, Hartmut"]
[Black "Lock, Adrian"]
[Result "1-0"]
[WhiteElo "2146"]
[BlackElo "2066"]
[PlyCount "113"]
[EventDate "2019.09.29"]
[EventType "team-tourn"]
[EventRounds "9"]
[EventCountry "GER"]
[SourceTitle "CBM 195 Extra"]
[Source "ChessBase"]
[SourceDate "2020.05.31"]
[SourceVersion "1"]
[SourceVersionDate "2020.05.31"]
[SourceQuality "1"]

1. e4 e6 2. d4 d5 3. Nd2 Nc6 4. Ngf3 Nf6 5. e5 Nd7 6. Bb5 a6 7. Bxc6 bxc6 8. Nb3 c5 9. c4 a5 10. cxd5 exd5 11. Bd2 c6 12. dxc5 Nxc5 13. 0-0 Bd7 14. Rc1 Nxb3 15. Qxb3 Be7 16. Be3 0-0 17. Bc5 Re8 18. Rfe1 Rb8 19. Qa3 Rb4 20. Re2 Bxc5 21. Rxc5 Qb8 22. h3 a4 23. Qc3 Qb6 24. Nd4 Rb8 25. Nxc6 Bxc6 26. Rxc6 Qd8 27. e6 fxe6 28. Rcxe6 Qf8 29. Qc6 Re4 30. Qxd5 Rxe2 31. Rxe2+ Kh8 32. g3 h6 33. Qd7 Qb4 34. Re8+ Rxe8 35. Qxe8+ Kh7 36. Qe5 Qc4 37. Qf5+ Kh8 38. Qb1 Qe6 39. b4 axb3 40. axb3 Qxh3 41. b4 Qe6 42. b5 Qb6 43. Qb3 h5 44. Qd5 h4 45. gxh4 Qg6+ 46. Kf1 Qg4 47. b6 Qh3+ 48. Ke2 Qg4+ 49. Ke3 Qh3+ 50. f3 Qg3 51. b7 Qe1+ 52. Kd3 Qb1+ 53. Kd4 Qb4+ 54. Ke5 Qb2+ 55. Ke6 Qb6+ 56. Kd7 Kh7 57. Qh5+ 1-0

[Event "Oberliga Nord N 1718"]
[Site "Germany"]
[Date "2018.01.21"]
[Round "5.7"]
[White "Lock, Adrian"]
[Black "Diekmann, Jens"]
[Result "1/2-1/2"]
[WhiteElo "2075"]
[BlackElo "2044"]
[PlyCount "50"]
[EventDate "2017.10.08"]
[EventType "team-tourn"]
[EventRounds "9"]
[EventCountry "GER"]
[SourceTitle "EXT 2019"]
[Source "ChessBase"]
[SourceDate "2018.10.10"]
[SourceVersion "1"]
[SourceVersionDate "2018.10.10"]
[SourceQuality "1"]
[WhiteTeam "Hamburg Koenigsspringer"]
[BlackTeam "Marmstorf"]
[WhiteTeamCountry "GER"]
[BlackTeamCountry "GER"]

1. e4 c5 2. Nf3 Nc6 3. Bb5 g6 4. Bxc6 dxc6 5. d3 Bg7 6. h3 e5 7. Be3 Qe7 8. Nc3 Nf6 9. Qd2 0-0 10. Bh6 Nd7 11. 0-0 Re8 12. Bxg7 Kxg7 13. Nh2 Nf8 14. f4 exf4 15. Rxf4 Ne6 16. Rf2 Qg5 17. Qxg5 Nxg5 18. Raf1 Re7 19. b3 Bd7 20. Nf3 Nxf3+ 21. Rxf3 Rf8 22. Kh2 Re5 23. Na4 Be6 24. Nb2 Rd8 25. a4 Rd7 1/2-1/2

[Event "GER-chT U20"]
[Site "Osnabrueck"]
[Date "2012.12.29"]
[Round "6.3"]
[White "Killmann, Martin"]
[Black "Lock, Adrian"]
[Result "1/2-1/2"]
[WhiteElo "1946"]
[BlackElo "2002"]
[PlyCount "87"]
[EventDate "2012.12.27"]
[EventType "team-swiss"]
[EventRounds "7"]
[EventCountry "GER"]
[SourceTitle "EXT 2014"]
[Source "ChessBase"]
[SourceDate "2013.11.20"]
[SourceVersion "1"]
[SourceVersionDate "2013.11.20"]
[SourceQuality "1"]
[WhiteTeam "Forchheim"]
[BlackTeam "Hamburg Koenigsspringer"]
[WhiteTeamCountry "GER"]
[BlackTeamCountry "GER"]

1. d4 d5 2. c4 dxc4 3. Nf3 Nf6 4. e3 e6 5. Bxc4 a6 6. a4 c5 7. 0-0 Be7 8. Qe2 cxd4 9. Rd1 Nc6 10. exd4 0-0 11. Nc3 Nb4 12. Bg5 Re8 13. Ne5 Nbd5 14. Qf3 Nxc3 15. bxc3 Qc7 16. Bd3 Rf8 17. Qh3 g6 18. Qf3 Kg7 19. Qf4 Ng8 20. Bxe7 Qxe7 21. Be4 Qf6 22. Qg3 Ne7 23. Ng4 Qg5 24. h4 Qh5 25. Bf3 Qa5 26. Rab1 Nf5 27. Qf4 h5 28. Qe5+ Qxe5 29. Nxe5 Nxh4 30. Bxb7 Ra7 31. Be4 Rc7 32. Rdc1 Rd8 33. Nd3 f5 34. Bf3 Nxf3+ 35. gxf3 Rc4 36. Rb8 Kh6 37. Ne5 Rc7 38. f4 Rxd4 39. cxd4 Rxc1+ 40. Kg2 Kg7 41. Nd3 Rc7 42. Nc5 Kf6 43. Rb6 Ke7 44. a5 1/2-1/2

[Event "GER-chT U20"]
[Site "Osnabrueck"]
[Date "2012.12.29"]
[Round "5.3"]
[White "Lock, Adrian"]
[Black "Wenninger, Philipp"]
[Result "0-1"]
[WhiteElo "2002"]
[BlackElo "2222"]
[PlyCount "60"]
[EventDate "2012.12.27"]
[EventType "team-swiss"]
[EventRounds "7"]
[EventCountry "GER"]
[SourceTitle "EXT 2014"]
[Source "ChessBase"]
[SourceDate "2013.11.20"]
[SourceVersion "1"]
[SourceVersionDate "2013.11.20"]
[SourceQuality "1"]
[WhiteTeam "Hamburg Koenigsspringer"]
[BlackTeam "Bebenhausen"]
[WhiteTeamCountry "GER"]
[BlackTeamCountry "GER"]

1. e4 c6 2. d4 d5 3. Nc3 dxe4 4. Nxe4 Bf5 5. Ng3 Bg6 6. h4 h6 7. Nf3 Nd7 8. h5 Bh7 9. Bd3 Bxd3 10. Qxd3 e6 11. Bd2 Ngf6 12. 0-0-0 Be7 13. Ne4 Nxe4 14. Qxe4 Nf6 15. Qd3 Qd5 16. c4 Qe4 17. Qb3 b5 18. cxb5 Rc8 19. Bc3 0-0 20. Rde1 Qf4+ 21. Kb1 cxb5 22. Ka1 Ne4 23. Qxb5 Nxc3 24. bxc3 Rxc3 25. Qe5 Qxe5 26. dxe5 Rc2 27. Rd1 Bb4 28. Nd4 Bc3+ 29. Kb1 Rb2+ 30. Kc1 Rc8 0-1

[Event "GER-chT U20"]
[Site "Osnabrueck"]
[Date "2012.12.28"]
[Round "3.3"]
[White "Lock, Adrian"]
[Black "Salz, Matthias"]
[Result "1-0"]
[WhiteElo "2002"]
[BlackElo "1713"]
[PlyCount "47"]
[EventDate "2012.12.27"]
[EventType "team-swiss"]
[EventRounds "7"]
[EventCountry "GER"]
[SourceTitle "EXT 2014"]
[Source "ChessBase"]
[SourceDate "2013.11.20"]
[SourceVersion "1"]
[SourceVersionDate "2013.11.20"]
[SourceQuality "1"]
[WhiteTeam "Hamburg Koenigsspringer"]
[BlackTeam "Berlin Empor"]
[WhiteTeamCountry "GER"]
[BlackTeamCountry "GER"]

1. e4 c5 2. Nf3 Nc6 3. Bb5 g6 4. Bxc6 bxc6 5. d3 Bg7 6. 0-0 Rb8 7. c3 Nf6 8. Qc2 0-0 9. Be3 d6 10. h3 Ba6 11. Nbd2 d5 12. e5 Nd7 13. Bf4 Qc7 14. Rfe1 f6 15. exf6 Qxf4 16. fxg7 Rf7 17. d4 Kxg7 18. Re6 cxd4 19. cxd4 Bb5 20. Rae1 Kf8 21. a4 Bxa4 22. Qxa4 Rxb2 23. Qxc6 Rxd2 24. Qxd7 1-0

[Event "Berlin Lichtenrade op 08th"]
[Site "Berlin"]
[Date "2012.10.05"]
[Round "7"]
[White "Lock, Adrian"]
[Black "Rettore, Ludwig"]
[Result "1/2-1/2"]
[WhiteElo "2041"]
[BlackElo "2144"]
[PlyCount "29"]
[EventDate "2012.09.29"]
[EventType "swiss"]
[EventRounds "9"]
[EventCountry "GER"]
[SourceTitle "CBM 150 Extra"]
[Source "ChessBase"]
[SourceDate "2012.10.19"]
[SourceVersion "1"]
[SourceVersionDate "2012.10.19"]
[SourceQuality "1"]

1. e4 e5 2. Nf3 Nc6 3. Bc4 Bc5 4. d3 Nf6 5. Be3 d6 6. Nbd2 a6 7. Bb3 Bxe3 8. fxe3 Na5 9. d4 Qe7 10. 0-0 0-0 11. Qe2 Nxb3 12. axb3 Bg4 13. Rae1 Rfe8 14. Qd3 Nd7 15. Qc3 1/2-1/2

[Event "GER-chT U20"]
[Site "Osnabrueck"]
[Date "2010.12.27"]
[Round "2.2"]
[White "Linsenmeyer, Mario"]
[Black "Lock, Adrian"]
[Result "0-1"]
[WhiteElo "2151"]
[BlackElo "1976"]
[PlyCount "64"]
[EventDate "2010.12.27"]
[EventType "team-swiss"]
[EventRounds "7"]
[EventCountry "GER"]
[SourceTitle "CBM 140 Extra"]
[Source "ChessBase"]
[SourceDate "2011.03.01"]
[SourceVersion "1"]
[SourceVersionDate "2011.03.01"]
[SourceQuality "1"]
[WhiteTeam "Grossenseebach"]
[BlackTeam "Koenigsspringer"]
[WhiteTeamCountry "GER"]
[BlackTeamCountry "GER"]

1. e4 e6 2. d4 d5 3. Nc3 Nf6 4. e5 Nfd7 5. f4 c5 6. Nf3 Nc6 7. Be3 cxd4 8. Nxd4 Bc5 9. Qd2 0-0 10. 0-0-0 a6 11. h4 Nxd4 12. Bxd4 b5 13. Rh3 b4 14. Ne2 a5 15. f5 Bxd4 16. Qxd4 Qc7 17. Re3 Ba6 18. f6 Rfc8 19. Rd2 Qc4 20. Rg3 g6 21. Qe3 Qxa2 22. Kd1 Bxe2+ 23. Kxe2 Qxb2 24. Rg5 Rxc2 25. Rxc2 Qxc2+ 26. Kf3 Qc3 27. Bd3 h6 28. Rxg6+ fxg6 29. Qxh6 Nxe5+ 30. Ke2 Qxd3+ 31. Ke1 Qe4+ 32. Kd1 Ra7 0-1

[Event "GER-chT U20"]
[Site "Chemnitz"]
[Date "2009.12.28"]
[Round "3.2"]
[White "Schaefer, Alexander1111"]
[Black "Lock, Adrian"]
[Result "0-1"]
[WhiteElo "2073"]
[BlackElo "2014"]
[PlyCount "60"]
[EventDate "2009.12.27"]
[EventType "team-swiss"]
[EventRounds "7"]
[EventCountry "GER"]
[SourceTitle "EXT 2022"]
[Source "ChessBase"]
[SourceDate "2021.10.06"]
[SourceVersion "1"]
[SourceVersionDate "2021.10.06"]
[SourceQuality "1"]
[WhiteTeam "Tamm 74 U20"]
[BlackTeam "Hamburg Koenigsspringer U20"]
[WhiteTeamCountry "GER"]
[BlackTeamCountry "GER"]

1. d4 d5 2. c4 dxc4 3. e3 Nf6 4. Bxc4 e6 5. Nf3 a6 6. 0-0 Nbd7 7. Nc3 b5 8. Bb3 Bb7 9. Bd2 c5 10. Rc1 Rc8 11. Ne2 Be7 12. Nf4 c4 13. Bc2 b4 14. Qe1 a5 15. a3 Bxf3 16. gxf3 Qb6 17. axb4 axb4 18. Bd3 Qa5 19. e4 0-0 20. Be2 e5 21. dxe5 Qxe5 22. Bxc4 Bd6 23. Qe3 g5 24. Qb3 Rb8 25. Kh1 gxf4 26. Rg1+ Kh8 27. Bxf7 Nc5 28. Qc4 Qxb2 29. Rc2 Qa3 30. Qe2 Rxf7 0-1

[Event "GER-chT U20"]
[Site "Chemnitz"]
[Date "2009.12.27"]
[Round "2.2"]
[White "Lock, Adrian"]
[Black "Zahn, Benno"]
[Result "0-1"]
[WhiteElo "2014"]
[BlackElo "1983"]
[PlyCount "150"]
[EventDate "2009.12.27"]
[EventType "team-swiss"]
[EventRounds "7"]
[EventCountry "GER"]
[SourceTitle "EXT 2022"]
[Source "ChessBase"]
[SourceDate "2021.10.06"]
[SourceVersion "1"]
[SourceVersionDate "2021.10.06"]
[SourceQuality "1"]
[WhiteTeam "Hamburg Koenigsspringer U20"]
[BlackTeam "Potsdam USV U20"]
[WhiteTeamCountry "GER"]
[BlackTeamCountry "GER"]

1. e4 c5 2. Nf3 d6 3. b3 Nf6 4. Nc3 Nc6 5. Bb5 Bd7 6. 0-0 a6 7. Bxc6 Bxc6 8. d3 e6 9. Bb2 Be7 10. e5 Ng4 11. exd6 Bxd6 12. Ne4 Qc7 13. h3 Bxe4 14. dxe4 Ne5 15. Nd2 f6 16. Qh5+ Ng6 17. Nc4 0-0-0 18. Rad1 Bh2+ 19. Kh1 b5 20. Ne3 Be5 21. Rxd8+ Kxd8 22. Rd1+ Ke7 23. Bxe5 Qxe5 24. Qxe5 Nxe5 25. f4 Nc6 26. f5 Rd8 27. Rxd8 Nxd8 28. g4 Kd6 29. Kg2 Ke5 30. Kf3 Kd4 31. h4 h6 32. a4 bxa4 33. bxa4 Kc3 34. g5 hxg5 35. hxg5 exf5 36. exf5 fxg5 37. Ke4 Kd2 38. c4 Nf7 39. Ng4 Nd6+ 40. Kd5 Nxf5 41. Kxc5 Ne3 42. Nf2 g4 43. Kb6 Kc3 44. c5 Kb4 45. c6 Nd5+ 46. Kxa6 g3 47. Nd3+ Kxa4 48. Nf4 Nxf4 49. c7 g2 50. c8Q g1Q 51. Qc4+ Ka3 52. Qxf4 Kb3 53. Kb5 Kc3 54. Kc6 g5 55. Qe5+ Kd3 56. Kd5 Qe3 57. Qf5+ Ke2 58. Qc2+ Kf3 59. Qd1+ Kg3 60. Kd6 g4 61. Kc7 Qf4+ 62. Kd8 Kh2 63. Qc2+ Kg1 64. Qd1+ Kg2 65. Qe2+ Kh3 66. Qd3+ g3 67. Ke8 Kh2 68. Qh7+ Kg1 69. Qb1+ Qf1 70. Qb6+ Kh2 71. Kd8 Qf8+ 72. Kd7 Qg7+ 73. Kc8 g2 74. Qf2 Qg4+ 75. Kb7 Kh1 0-1

[Event "GER-chT U16"]
[Site "Bingen"]
[Date "2008.12.30"]
[Round "7.2"]
[White "Hartmann, Nicolas"]
[Black "Lock, Adrian"]
[Result "1-0"]
[WhiteElo "1895"]
[BlackElo "1924"]
[PlyCount "91"]
[EventDate "2008.12.27"]
[EventType "team-swiss"]
[EventRounds "7"]
[EventCountry "GER"]
[SourceTitle "EXT 2010"]
[Source "ChessBase"]
[SourceDate "2010.11.25"]
[SourceVersion "1"]
[SourceVersionDate "2010.11.25"]
[SourceQuality "1"]
[WhiteTeam "Hofheim U16"]
[BlackTeam "Hamburg Koenigsspringer U16"]
[WhiteTeamCountry "GER"]
[BlackTeamCountry "GER"]

1. e4 e6 2. Nf3 d5 3. Nc3 Nf6 4. e5 Nfd7 5. d4 c5 6. dxc5 Nc6 7. Bf4 Be7 8. Bd3 Nxc5 9. 0-0 0-0 10. Qd2 Bd7 11. Ne2 Rc8 12. Ned4 a6 13. Nb3 Nxd3 14. cxd3 Qb6 15. Be3 Qb4 16. Rfd1 Qg4 17. Nbd4 Qh5 18. Nxc6 Bxc6 19. Bd4 Qg6 20. Rac1 Bb5 21. Rxc8 Rxc8 22. h3 f6 23. Kh1 Bc6 24. Rc1 Qf5 25. Qe2 Re8 26. a3 Bd8 27. Kg1 Bb5 28. Rc3 Ba5 29. b4 Bd8 30. Qc2 Bc6 31. Qe2 Bc7 32. Kh1 Qh5 33. Qe1 f5 34. Bc5 Bd8 35. Bd6 g5 36. Nd4 g4 37. Kh2 gxh3 38. gxh3 Bd7 39. Rc1 Qh4 40. Qe3 Bg5 41. Rg1 f4 42. Qd2 h6 43. Nf3 Qh5 44. Nxg5 hxg5 45. Qxf4 Kh7 46. Rxg5 1-0

[Event "GER-chT U16"]
[Site "Bingen"]
[Date "2008.12.29"]
[Round "5.2"]
[White "Kartsev, Alexandr"]
[Black "Lock, Adrian"]
[Result "1/2-1/2"]
[WhiteElo "2033"]
[BlackElo "1924"]
[PlyCount "84"]
[EventDate "2008.12.27"]
[EventType "team-swiss"]
[EventRounds "7"]
[EventCountry "GER"]
[SourceTitle "EXT 2010"]
[Source "ChessBase"]
[SourceDate "2010.11.25"]
[SourceVersion "1"]
[SourceVersionDate "2010.11.25"]
[SourceQuality "1"]
[WhiteTeam "Brackel SF U16"]
[BlackTeam "Hamburg Koenigsspringer U16"]
[WhiteTeamCountry "GER"]
[BlackTeamCountry "GER"]

1. d4 Nf6 2. Bg5 e6 3. Nf3 h6 4. Bh4 g5 5. Bg3 Ne4 6. Nbd2 Nxg3 7. hxg3 Bg7 8. e3 d6 9. Bd3 Nd7 10. c3 Qe7 11. Qb3 a6 12. 0-0-0 b5 13. Qa3 Bb7 14. Nb3 Rb8 15. Na5 Ba8 16. e4 c5 17. Bc2 Rb6 18. c4 g4 19. dxc5 Nxc5 20. Nd2 b4 21. Qe3 Qf6 22. e5 Qxe5 23. Qxe5 Bxe5 24. Rh2 Ke7 25. Nf1 f5 26. Ne3 Ne4 27. Bxe4 Bxe4 28. Rdh1 Bg7 29. Re1 Kf7 30. Nxg4 Bxg2 31. Rxg2 fxg4 32. Re4 h5 33. f3 gxf3 34. Rf2 Be5 35. Rxf3+ Ke7 36. Kb1 Rg8 37. c5 Rb5 38. Nc6+ Kd7 39. Nxe5+ dxe5 40. Rxe5 Rg6 41. Rxh5 Kc6 42. Rf8 Rxg3 1/2-1/2

[Event "GER-chT U16"]
[Site "Bingen"]
[Date "2008.12.28"]
[Round "3.2"]
[White "Fruechel, Marcel"]
[Black "Lock, Adrian"]
[Result "1/2-1/2"]
[WhiteElo "1832"]
[BlackElo "1924"]
[PlyCount "82"]
[EventDate "2008.12.27"]
[EventType "team-swiss"]
[EventRounds "7"]
[EventCountry "GER"]
[SourceTitle "EXT 2010"]
[Source "ChessBase"]
[SourceDate "2010.11.25"]
[SourceVersion "1"]
[SourceVersionDate "2010.11.25"]
[SourceQuality "1"]
[WhiteTeam "Deizisau U16"]
[BlackTeam "Hamburg Koenigsspringer U16"]
[WhiteTeamCountry "GER"]
[BlackTeamCountry "GER"]

1. d4 Nf6 2. c4 Nc6 3. Nf3 e6 4. Bg5 Bb4+ 5. Nc3 0-0 6. g3 h6 7. Bxf6 Qxf6 8. Bg2 e5 9. d5 Nd4 10. 0-0 Bxc3 11. bxc3 Nxf3+ 12. Bxf3 d6 13. Bg2 b6 14. a4 a5 15. Qb3 Qe7 16. e4 f5 17. Bh3 fxe4 18. Bxc8 Raxc8 19. Rae1 Rf3 20. Rxe4 Rcf8 21. Re3 Rxe3 22. fxe3 Rxf1+ 23. Kxf1 Qg5 24. Qb5 Qxe3 25. Qe8+ Kh7 26. Qf7 Qd3+ 27. Kg2 Qe4+ 28. Kg1 Qg6 29. Qxc7 Qb1+ 30. Kg2 Qc2+ 31. Kg1 Qd1+ 32. Kg2 Qxa4 33. Qxd6 Qc2+ 34. Kh3 Qxc3 35. Qxb6 Qxc4 36. Qe6 Qf1+ 37. Kg4 Qe2+ 38. Kh3 Qh5+ 39. Kg2 Qe2+ 40. Kh3 Qf1+ 41. Kg4 Qc4+ 1/2-1/2

[Event "GER-chT U16"]
[Site "Bingen"]
[Date "2008.12.28"]
[Round "4.2"]
[White "Lock, Adrian"]
[Black "Voelz, Michael"]
[Result "1-0"]
[WhiteElo "1924"]
[BlackElo "1814"]
[PlyCount "59"]
[EventDate "2008.12.27"]
[EventType "team-swiss"]
[EventRounds "7"]
[EventCountry "GER"]
[SourceTitle "EXT 2010"]
[Source "ChessBase"]
[SourceDate "2010.11.25"]
[SourceVersion "1"]
[SourceVersionDate "2010.11.25"]
[SourceQuality "1"]
[WhiteTeam "Hamburg Koenigsspringer U16"]
[BlackTeam "Wilkau Hasslau Muldental U16"]
[WhiteTeamCountry "GER"]
[BlackTeamCountry "GER"]

1. e4 e5 2. Nf3 Nc6 3. Bc4 Bc5 4. d3 Nf6 5. 0-0 d6 6. Be3 Bb6 7. c3 Be6 8. Nbd2 d5 9. exd5 Nxd5 10. Bxb6 axb6 11. Re1 f6 12. d4 Qd6 13. dxe5 Nxe5 14. Nxe5 fxe5 15. Qh5+ Kd7 16. Qg5 g6 17. Rad1 c6 18. Ne4 Qc7 19. Nf6+ Kc8 20. Rxe5 Qd6 21. Ne4 Qd7 22. Nf6 Qd6 23. Rde1 Bf7 24. Nxd5 cxd5 25. Bxd5 Qd7 26. Qf6 Rf8 27. Bxf7 Rxf7 28. Re8+ Kc7 29. Qe5+ Qd6 30. Qxd6+ 1-0

[Event "GER-chT WK 3 U16"]
[Site "Kiel"]
[Date "2007.05.17"]
[Round "7.1"]
[White "Schmitt, Philipp"]
[Black "Lock, Adrian"]
[Result "0-1"]
[WhiteElo "1950"]
[BlackElo "1676"]
[PlyCount "74"]
[EventDate "2007.05.17"]
[EventType "team-swiss"]
[EventRounds "7"]
[EventCountry "GER"]
[SourceTitle "EXT 2008"]
[Source "ChessBase"]
[SourceDate "2007.11.25"]
[SourceVersion "1"]
[SourceVersionDate "2007.11.25"]
[SourceQuality "1"]

1. Nf3 Nf6 2. g3 Nc6 3. d4 e6 4. Bg2 Ne7 5. c4 Ng6 6. 0-0 Be7 7. Nc3 d6 8. e4 e5 9. dxe5 dxe5 10. Qc2 c6 11. Rd1 Qc7 12. b3 0-0 13. Be3 Bg4 14. h3 Be6 15. Ng5 Bd7 16. Rd2 Rad8 17. Rad1 h6 18. Nf3 Be6 19. Na4 b6 20. c5 b5 21. Nc3 Rxd2 22. Rxd2 Rd8 23. Ne1 Nh7 24. Kh2 Bg5 25. Bxg5 Nxg5 26. Rxd8+ Qxd8 27. Qd3 Qf6 28. Nd1 Qe7 29. Qd6 Qxd6 30. cxd6 f6 31. Nd3 Nf8 32. Nb4 Bd7 33. Ne3 g6 34. a4 a5 35. Nd3 Nf7 36. axb5 cxb5 37. Kg1 Ne6 0-1

[Event "GER North-chT U16"]
[Site "Magdeburg"]
[Date "2006.08.27"]
[Round "4.4"]
[White "Lock, Adrian"]
[Black "Guennigmann, Laura"]
[Result "1/2-1/2"]
[WhiteElo "1585"]
[BlackElo "1622"]
[PlyCount "125"]
[EventDate "2006.08.26"]
[EventType "team"]
[EventRounds "7"]
[EventCountry "GER"]
[SourceTitle "EXT 2007"]
[Source "ChessBase"]
[SourceDate "2006.11.23"]
[SourceVersion "1"]
[SourceVersionDate "2006.11.23"]
[SourceQuality "1"]

1. e4 c5 2. b3 Nc6 3. Bb2 d6 4. Nc3 Nf6 5. Nge2 e6 6. Ng3 g6 7. f4 Bg7 8. Bd3 0-0 9. 0-0 d5 10. Rb1 a6 11. Qf3 Nb4 12. Qe2 Nxd3 13. cxd3 b5 14. e5 Nd7 15. d4 cxd4 16. Nd1 Qb6 17. Qd3 Qb8 18. Bxd4 Bb7 19. Qe2 Rc8 20. Bc3 Bf8 21. d4 Bc6 22. Rf2 b4 23. Bb2 Bb5 24. Qf3 Bg7 25. Ne3 f6 26. Qg4 f5 27. Qd1 Rc6 28. Ne2 a5 29. h3 Qc7 30. Kh2 Kh8 31. Ng1 Bh6 32. g3 Rg8 33. g4 Qd8 34. g5 Bf8 35. Rc2 Be7 36. h4 Rxc2+ 37. Qxc2 Qc8 38. Rc1 Nb6 39. Qc7 Qxc7 40. Rxc7 Re8 41. Nf3 Kg8 42. Ne1 Bd8 43. Rc5 Be2 44. Kg2 Nd7 45. Rc2 Bb5 46. Nf1 Bb6 47. Kf2 Nb8 48. Nd2 Nc6 49. Ndf3 Rc8 50. Ke3 Na7 51. Rxc8+ Nxc8 52. Nd3 Kf7 53. Nf2 Ne7 54. Nd1 Nc6 55. Nd2 a4 56. Nf2 Ke7 57. Nd3 a3 58. Ba1 Bxd3 59. Kxd3 Na7 60. Nb1 Nb5 61. Ke3 Kd7 62. Kd3 Kc6 63. Ke3 1/2-1/2